MARC

LEADER 00000nam0a2200000 4500
001 333703
005 20231102004601.0
035 |a (RuTPU)RU\TPU\book\359716 
035 |a RU\TPU\book\99244 
090 |a 333703 
100 |a 20170622d1972 k y0rusy50 ca 
101 0 |a rus 
102 |a UA 
105 |a a z 001zy 
200 1 |a Спектры поглощения молекулярных кристаллов. Полизамещенные бензола  |f В. Л. Броуде, Г. В. Климушева, А. Ф. Прихотько [и др.]  |g Академия наук Украинской ССР, Институт физики ; под ред. В. Л. Броуде и А. Ф. Прихотько 
210 |d 1972  |a Киев  |c Наукова думка 
215 |a 274 с.  |c ил. 
320 |a Библиогр. в конце разделов 
606 1 |a Бензол и гомологи  |x Химия  |2 stltpush  |3 (RuTPU)RU\TPU\subj\76581  |9 87584 
610 1 |a молекулярные кристаллы 
610 1 |a спектры поглощения 
610 1 |a электронные спектры 
610 1 |a диалкилбензолы 
610 1 |a триалкилбензолы 
610 1 |a тетраалкилбензолы 
610 1 |a электронно-колебательные спектры 
610 1 |a молекулы 
610 1 |a ароматические кристаллы 
675 |a 535.33  |v 3 
675 |a 547.53  |v 3 
701 1 |a Броуде  |b В. Л.  |g Владимир Львович 
701 1 |a Климушева  |b Г. В.  |g Гертруда Васильевна 
701 1 |a Прихотько  |b А. Ф.  |g Антонина Федоровна 
701 1 |a Шека  |b Е. Ф.  |g Елена Федоровна 
701 1 |a Яценко  |b Л. П.  |g Людмила Павловна 
702 1 |a Броуде  |b В. Л.  |g Владимир Львович  |4 340 
702 1 |a Прихотько  |b А. Ф.  |g Антонина Федоровна  |4 340 
712 0 2 |a Академия наук Украинской ССР  |b Институт физики  |2 stltpush  |3 (RuTPU)RU\TPU\col\12595  |9 25468 
801 1 |a RU  |b 63413507  |c 20060316  |g PSBO 
801 2 |a RU  |b 63413507  |c 20201027  |g PSBO 
942 |c BK